| 000 | 00861nam a22002177a 4500 | ||
|---|---|---|---|
| 005 | 20250903163433.0 | ||
| 010 | _aB-761681-692 ENG-146722 BACEN25 | ||
| 020 |
_c575.00 _a 9789390473380 |
||
| 035 | _aB-761681-692 | ||
| 035 | _aEN-130254 | ||
| 037 | _bAcademic Aspiration | ||
| 082 |
_a363.34 _21 |
||
| 100 |
_aPaul,Raghav _984680 |
||
| 245 |
_aGeographical Information System and IT in Disaster Management / _cby Raghav Paul |
||
| 250 | _a1 | ||
| 260 |
_bAcademic Aspiration _c2025 _aNew Delhi |
||
| 270 |
_a4740/23 ansari road darya ganj _bNew Delhi _e110002 |
||
| 300 | c |
_a324p _c22cm(Pb) |
|
| 942 |
_2ddc _cEN _h363.34 _mPAU |
||
| 999 |
_c209277 _d209277 |
||